Statistics for Countries by Population Decrease

Click here to take the quiz!

General Stats

  • This quiz has been taken 27,974 times
    (9,083 since last reset)
  • The average score is 11 of 18

Answer Stats

DecreaseSpanCauseCountry% Correct
5.12 m1993–2008DemographicsRussia
88%
4.42 m2010–2018WarSyria
86%
2.44 m2009–DemographicsJapan
76%
4.37 m1990–DemographicsRomania
75%
5.68 m1959–1961FamineChina
74%
7.97 m1990–DemographicsUkraine
73%
1.81 m1979–1987WarAfghanistan
72%
1.15 m1995–War / demographicsSerbia
67%
1.45 m1990–1995War / genocideRwanda
66%
1.25 m1974–1983DemographicsGermany
61%
1.23 m1988–War / genocide /
demographics
Bosnia and
Herzegovina
60%
2.08 m1985–DemographicsBulgaria
60%
1.72 m2015–Economic collapseVenezuela
56%
0.840 m1974–1980GenocideCambodia
48%
1.09 m1980–DemographicsHungary
46%
1.47 m1990–2001DemographicsKazakhstan
39%
0.975 m1991–DemographicsLithuania
35%
1.43 m1989–DemographicsGeorgia
33%

Score Distribution

Percentile by Number Answered

Percent of People with Each Score

Your Score History

You have not taken this quiz since the last reset